000 00697cab a2200217 4500
001 WB3332-35
008 090401t1997 xxu||||| |||| 00| 0 eng d
035 _a(Sirsi) u80242
041 _aeng
245 _aOne valuer for selective cull
260 _c1997
350 _a0
490 _aFarmers' Weekly
_v8 August 1997, 10(1)
520 _aIn an effort to speed up selective cull the government has announced that farmers with 10 or fewer cohorts will be restricted to just one valuer from a government approved list, to assess compensation.
650 _aCOMPENSATION
650 _aSELECTIVE CULL
650 _aVALUER
690 _aRURAL PRACTICE
942 _n0
948 _c13/08/1997
999 _c50511
_d50511